Word Ladder: Missing Quiz Stats

Quiz Updated Apr 16, 2015

Challenge
Share
Tweet
Embed
Score 0/25 Timer 03:00
0 Plays Today
HINT WORD % Correct
____ To The FutureBACK
98.8%
Sink, Sank, ____SUNK
97.5%
I vant to ____ your blood! - Count DraculaSUCK
96.6%
Johann Sebastian ____BACH
94.5%
Time to hit the ____ for some shut-eyeSACK
94.2%
Men at ____WORK
90.6%
❏ TAKE MY ____ FOR IT ❏❏ WORD ❏
90.5%
The ____ of the litterRUNT
90.2%
❏ MY BELL GOT ___❏ RUNG ❏
89.9%
❏ DRIVING ____ DAISY ❏❏ MISS ❏
89.7%
❏ TO ____ HIS OWN ❏❏ EACH ❏
89.5%
Neil Diamond hit, Song ____ BlueSUNG
86.9%
____ And MindyMORK
81.3%
HINT WORD % Correct
❏ ____ A SONG OF SIXPENCE ❏❏ SING ❏
80.2%
Reaching critical ____MASS
79.7%
I've had enough of your ____SASS
71.2%
Traffic album, John Barleycorn ____ DieMUST
68.4%
On a ____ and a prayerWING
68.3%
Canadian ____ WhiskeyMIST
68.3%
Shaolin ____MONK
67.4%
The ____ Of The FatherSINS
66.1%
Neil Young album, ____ Never SleepsRUST
66.1%
____ Serif or SouciSANS
65.1%
A ____ stoleMINK
62%
Gameshow host ____ MartindaleWINK
59.7%

Today's Daily Dose

Word Ladder
'90s Movies

Quick Pick
'Fire' Movies

On This Day
June 19th II

You're not logged in!

Compare scores with friends on all Sporcle quizzes.
Join for Free
OR
Log In

You Might Also Like...

Show Comments

Extras

Top Quizzes Today


Score Distribution

Your Account Isn't Verified!

In order to create a playlist on Sporcle, you need to verify the email address you used during registration. Go to your Sporcle Settings to finish the process.

Report this User

Report this user for behavior that violates our Community Guidelines.

Details: